01066nam a22001697a 4500008004100000020001800041050001500059100004200074245014800116260003500264300003700299500008000336504003400416505038400450650003300834650002900867150107s2009 MX | |||| 001 0 spa d a978607170224104aRC489bG371 aGarza Gutiérrez, Fidel de laeautor10aTratamiento de adicciones y compulsionesb : a las drogas, al juego, al sexo, a la comida, a los videojuegosc / Fidel de la Garza Gutiérrez  aMéxicob : Trillas c , 2009 a168 páginasc : ilustraciones  aIncluye: Índice onomástico (p. 159) e Índice analítico (p. 160-168) aBibliografía: (p. 155-158)2 aConceptos generales El tabaco El alcohol La mariguana Los alucinógenos y las drogas disociativas Los medicamentos de prescripción y el botiquín familiar La heroína y los derivados del opio Los inhalantes La cocaína Las drogas de diseño: metanfetaminas La cafeína Anabólicos esteroides androgénicos El SIDA y las drogas Los tratamientos en el abuso de sustancias10aABUSO DE DROGASxTRATAMIENTO24aADICCIONESxPSICOLOGÍA